00683nam a2200205 a 4500008004100000020002200041100001800063245009000081260003500171300003700206504005400243500002000297650004700317650004800364650001700412700002100429003000100450005001700451040000900468  a0240801881 (pbk.)1 aRea, Peter W.10aProducing and directing the short film and video /cPeter W. Rea and David K. Irving. aBoston :bFocal Press,cc1995. axxviii, 325 p. :bill. ;c28 cm. aIncludes bibliographical references : p. 313-316. aIncludes index. 0aMotion picturesxProduction and direction. 0aVideo recordingsxProduction and direction. 0aShort films.1 aIrving, David K.20230123133742.0 cNUST